Statistics for Countries in WW1

Click here to take the quiz!

General Stats

  • This quiz has been taken 16 times
  • The average score is 14 of 18

Answer Stats

SideCountry% Correct
AlliesGreat Britain
100%
AlliesRussia
100%
AlliesFrance
94%
AxisGermany
94%
AlliesItalian Kingdom
94%
AlliesUnited States
94%
AxisAustria-Hungary
88%
AlliesJapanese Empire
88%
AlliesBelgium
81%
AlliesGreece
81%
AxisBulgaria
75%
AlliesR. of China
75%
AlliesRomania
75%
AxisOttoman Empire
69%
AlliesSerbia
69%
AlliesLuxembourg
63%
AlliesPortugal
63%
AlliesMontengro
0%

Score Distribution

Percentile by Number Answered

Percent of People with Each Score

Your Score History

You have not taken this quiz